[Event "Final Campeonato de Chile 2009-2010"]
[Site "Club de Ajedrez "]
[Date "2010-02-27"]
[Round "11"]
[White "Salinas Herrera, Pablo Patricio"]
[Black "Vasquez Schroder, Rodrigo"]
[Result "0-1"]
[WhiteElo "2207"]
[BlackElo "2506"]

 1.Nf3 Nf6 2.g3 g6 3.d4 Bg7 4.Bg2 O-O 5.O-O d6 6.c4 Nbd7 7.Nc3 e5 8.Re1 c6 9.h3 e4 10.Nd2 d5 11.e3 Re8 12.b4 a6 13.a4 Nf8 14.a5 Ne6 15.Na4 Ng5 16.Kh2 Rb8 17.Nb6 Bf5 18.cxd5 cxd5 19.b5 Bf8 20.bxa6 bxa6 21.Ba3 Bxa3 22.Rxa3 Qd6 23.Rb3 h5 24.h4 Ne6 25.Qc1 g5 26.Qa3 Qd8 27.hxg5 Nxg5 28.Rh1 Kg7 29.Kg1 Bg4 30.Rc3 Be2 31.Qb2 Qd6 32.Qc1 Qe6 33.Rh4 Qf5 34.Rc6 Ng4 35.Qe1 Bb5 36.Rc5 Rbd8 37.Rc2 Re6 38.Nf1 Bd3 39.Rd2 Rf6 40.Nh2 Rh8 41.Na4 Bb5 42.Nc5 Rhh6 43.Rb2 Nxh2 44.Kxh2 Nf3+ 45.Bxf3 Qxf3 46.Qh1 Qxf2+ 47.Rxf2 Rxf2+ 48.Qg2 Rxg2+ 49.Kxg2 Kg6 50.g4 hxg4 51.Rxh6+ Kxh6 52.Kg3 Kg6 53.Nb7 Bd7 54.Nd6 Kf6 55.Nb7 Ke7 56.Nc5 Bc8 57.Na4 Kd6 58.Kf4 f6 59.Kg3 Kc6 60.Nc3 Kd6 61.Kf4 Be6 62.Kg3 Ke7 63.Kf4 Kf7 64.Kg3 Kg6 65.Kf4 Kh5 66.Kg3 Kg5 67.Ne2 f5 68.Nf4 Bf7 69.Ne2 Kf6 70.Nc3 Be6 71.Kf4 Ke7 72.Kg3 Kd6 73.Kf4 Bd7 74.Kg3 Bb5 75.Kf4 Bc4 76.Nb1 Ke6 77.Nc3 Kf6 78.Na4 Kg6 79.Nc5 Bb5 80.Ne6 Kf6 81.Nc5 Ke7 82.Nb3 Kd6 83.Nd2 Kc6 84.Nb1 Bc4 85.Nc3 Kd6 86.Kg3 Ke6 87.Kf4 Kf6 88.Nd1 Kg6 89.Nc3 Kh5 90.Kg3 f4+ 91.exf4 e3 92.f5 e2 93.Kf2 g3+

[Event "Final Campeonato de Chile 2009-2010"]
[Site "Club de Ajedrez "]
[Date "2010-02-27"]
[Round "11"]
[White "Alarcon Bahamondes, Roberto"]
[Black "Calvo Salas, Pablo"]
[Result "1/2-1/2"]
[WhiteElo "2154"]
[BlackElo "2305"]

 1.e4 e5 2.Nf3 Nc6 3.d4 exd4 4.Nxd4 Nf6 5.Nc3 Bb4 6.Nxc6 bxc6 7.Bd3 d5 8.exd5 cxd5 9.O-O O-O 10.Bg5 c6 11.Qf3 Be7 12.Ne2 Re8 13.Nd4 Qc7 14.Nf5 Bxf5 15.Qxf5 Ne4 16.Bxe4 dxe4 17.Bxe7 Rxe7 18.Rfe1 Rae8 19.Rad1 Qb6 20.b3 g6 21.Qf6 Re6 22.Qd4 Qa5 23.a4 c5 24.Qc4 Qb4 25.Qxb4 cxb4 26.Rd4 a5 27.Rd5 Re5 28.Rxe5 Rxe5 29.Kf1 Kg7 30.Ke2 Kf6 31.Kd2 Rd5+ 32.Kc1 Ke5 33.Re3 f5 34.c4 bxc3 35.Rxc3 Kd4 36.Kd2 Rc5 37.Rh3 Rc7 38.Rg3 Rc6 39.h4

[Event "Final Campeonato de Chile 2009-2010"]
[Site "Club de Ajedrez "]
[Date "2010-02-27"]
[Round "11"]
[White "Mesias Rojas, Rabindranath"]
[Black "López Silva, Hugo Andres"]
[Result "0-1"]
[WhiteElo "2168"]
[BlackElo "2412"]

 1.d4 Nf6 2.c4 c5 3.d5 e6 4.Nc3 exd5 5.cxd5 d6 6.h3 a6 7.a4 Qe7 8.Nf3 g6 9.Bf4 Nbd7 10.e3 Bg7 11.Be2 O-O 12.O-O Ne8 13.a5 f5 14.Qb3 h6 15.Bh2 Rb8 16.Nd2 g5 17.Rfe1 Kh8 18.Nc4 f4 19.exf4 gxf4 20.Bh5 Ne5 21.Bxe8 Qxe8 22.Nxe5 Bxe5 23.Ne4 Qh5 24.Rad1 Rg8 25.Rd3 Qg6 26.g4 Bxg4 27.hxg4 Qxg4+ 28.Ng3 c4 29.Rxe5 cxb3 30.Re6 fxg3 31.Bxg3 Rg6

[Event "Final Campeonato de Chile 2009-2010"]
[Site "Club de Ajedrez "]
[Date "2010-02-27"]
[Round "11"]
[White "Rios Escobar, Adan Humberto"]
[Black "Páez Medina, Guillermo Alejandro"]
[Result "1-0"]
[WhiteElo "2305"]
[BlackElo "2086"]

 1.e4 e5 2.g3 Nc6 3.Bg2 Bc5 4.Ne2 d6 5.O-O h5 6.c3 Qf6 7.b4 Bb6 8.b5 Na5 9.d4 Bg4 10.f3 Bd7 11.Na3 h4 12.Be3 hxg3 13.hxg3 Nh6 14.Qd2 Qg6 15.g4 O-O-O 16.Bf2 f6 17.c4 Bxg4 18.fxg4 Nxg4 19.Qd3 Qh6 20.Qg3 Nxf2 21.Rxf2 exd4 22.Qd3 Rde8 23.Rf3 Re5 24.Rh3 Rh5 25.Rxh5 Qxh5 26.Ng3 Qg5 27.Ne2 Qe5 28.Kf1 Bc5 29.Rc1 Qg5 30.Nc2 Rh2 31.Ne1 Qh6 32.Qf3 Bb4 33.Rc2 Bd2 34.Nxd4 Rh4 35.Nf5

[Event "Final Campeonato de Chile 2009-2010"]
[Site "Club de Ajedrez "]
[Date "2010-02-28"]
[Round "12"]
[White "López Silva, Hugo Andres"]
[Black "Rios Escobar, Adan Humberto"]
[Result "1-0"]
[WhiteElo "2412"]
[BlackElo "2305"]

 1.e4 c5 2.Nf3 Nc6 3.d4 cxd4 4.Nxd4 Nf6 5.Nc3 d6 6.Bg5 e6 7.Qd2 Be7 8.f3 O-O 9.O-O-O Nxd4 10.Qxd4 a6 11.Kb1 Qc7 12.h4 Rd8 13.h5 Ne8 14.Bxe7 Qxe7 15.h6 g6 16.e5 Rd7 17.Bd3 b5 18.Be4 d5 19.Bd3 Nc7 20.f4 b4 21.Na4 Rd8 22.Nc5 a5 23.g4 Bd7 24.f5 Nb5 25.Qf2 Rab8 26.Rdf1 Rdc8 27.fxe6 Bxe6 28.Nxe6 fxe6 29.Bxb5 Rxb5 30.Qe2 Rbc5 31.Rf6 Qc7 32.Rh2 d4 33.Rxe6 a4 34.Qd3 Qf7 35.Rb6 Qf4 36.Rd2 Qxg4 37.Rxb4 Rxc2 38.Qxc2 Qg1+ 39.Rd1

[Event "Final Campeonato de Chile 2009-2010"]
[Site "Club de Ajedrez "]
[Date "2010-02-28"]
[Round "12"]
[White "Valdés Escobar, Álvaro Daniel"]
[Black "Mesias Rojas, Rabindranath"]
[Result "1/2-1/2"]
[WhiteElo "2361"]
[BlackElo "2168"]

 1.c4 e6 2.Nc3 d5 3.d4 Be7 4.cxd5 exd5 5.Bf4 Nf6 6.e3 O-O 7.Bd3 c5 8.Nge2 Nc6 9.dxc5 Bxc5 10.O-O Be6 11.Rc1 Bd6 12.Bxd6 Qxd6 13.Nb5 Qe5 14.Nbd4 Ng4 15.Ng3 Nxd4 16.exd4 Qf4 17.Be2 Rac8 18.Rxc8 Rxc8 19.Bxg4 Bxg4 20.f3 Bd7 21.Qd3 a6 22.Ne2 Qh4 23.Nc3 Bb5 24.Nxb5 axb5 25.Qe3 Qf6 26.Re1 h6 27.Qe5 Qxe5 28.Rxe5 b4 29.Kf2 Ra8 30.a3 bxa3 31.bxa3 Rxa3 32.Rxd5 Ra2+ 33.Kg3 Rb2 34.h4 Kf8 35.Rd7 Ke8 36.Rc7 b5 37.Rb7 b4 38.d5 b3 39.d6 Rd2

[Event "Final Campeonato de Chile 2009-2010"]
[Site "Club de Ajedrez "]
[Date "2010-02-28"]
[Round "12"]
[White "Calvo Salas, Pablo"]
[Black "Romero Araya, Diego Alonso"]
[Result "1/2-1/2"]
[WhiteElo "2305"]
[BlackElo "2273"]

 1.e4 e5 2.Nf3 Nc6 3.Bb5 a6 4.Ba4 Nf6 5.O-O b5 6.Bb3 Be7 7.Re1 d6 8.c3 O-O 9.h3 Na5 10.Bc2 c5 11.d4 Qc7 12.Nbd2 cxd4 13.cxd4 Nc6

[Event "Final Campeonato de Chile 2009-2010"]
[Site "Club de Ajedrez "]
[Date "2010-02-28"]
[Round "12"]
[White "García Cardenas, Pablo"]
[Black "Alarcon Bahamondes, Roberto"]
[Result "1/2-1/2"]
[WhiteElo "2324"]
[BlackElo "2154"]

 1.e4 c6 2.d4 d5 3.Nc3 dxe4 4.Nxe4 Nf6 5.Nxf6+ exf6 6.Nf3 Bd6 7.Be2 O-O 8.O-O Re8 9.Re1 Be6 10.Be3 Nd7 11.c4 Nf8 12.Qc2 Ng6 13.Bd3 Qd7 14.Nd2 f5 15.f3 Bc7 16.Rad1 Qd6 17.g3 h5 18.Bxf5 Bxf5 19.Qxf5 Rxe3 20.Rxe3 Qxd4 21.Qe4 Bb6 22.Qxd4 Bxd4 23.Nf1 Bxe3+ 24.Nxe3 Re8 25.Kf2 Nf8 26.b4 g6 27.a4 Re7 28.c5 a5 29.bxa5 Nd7 30.a6 bxa6 31.Rd6 Nxc5 32.Rxc6 Nxa4 33.Rxa6

[Event "Final Campeonato de Chile 2009-2010"]
[Site "Club de Ajedrez "]
[Date "2010-02-28"]
[Round "12"]
[White "Egger Mancilla, Jorge Alejandro"]
[Black "Salinas Herrera, Pablo Patricio"]
[Result "1-0"]
[WhiteElo "2443"]
[BlackElo "2207"]

 

1.e4 c5 2.Nf3 d6 3.d3 Nc6 4.g3 g6 5.Bg2 Bg7 6.O-O b6 7.c3 Qc7 8.d4 e5 9.d5 Nce7 10.c4 f5 11.Ng5 fxe4 12.Nc3 Nf6 13.Ne6 Bxe6 14.dxe6 a6 15.Nxe4 Nxe4 16.Bxe4 Rb8 17.Qa4+ b5 18.Qxa6 O-O 19.Bd2 Rb6 20.Ba5 Rxa6 21.Bxc7 bxc4 22.Rfd1 d5 23.Rxd5 Nxd5 24.Bxd5 Re8 25.Bxc4 Rc6 26.Bd8 Kf8 27.e7+ Rxe7 28.Bxe7+ Kxe7 29.a4 Rc7 30.a5 Ra7 31.a6 Kd6 32.Rd1+ Kc6 33.Bd5+ Kb5 34.Bb7 e4 35.b3 Kb4 36.Rd7 Bd4 37.Rxh7 e3 38.fxe3 Bxe3+ 39.Kg2 Kxb3 40.Kf3 Bg1 41.Bd5+ c4 42.Rb7+ Kc3 43.Rxa7 Bxa7 44.h4 Kb4 45.Ke4 Kb5 46.Bxc4+ Kxc4 47.g4

[Event "Final Campeonato de Chile 2009-2010"]
[Site "Club de Ajedrez "]
[Date "2010-02-28"]
[Round "13"]
[White "Alarcon Bahamondes, Roberto"]
[Black "Vasquez Schroder, Rodrigo"]
[Result "0-1"]
[WhiteElo "2154"]
[BlackElo "2506"]

 1.e4 c6 2.d4 d5 3.e5 Bf5 4.Nc3 e6 5.g4 Bg6 6.Nge2 Ne7 7.Nf4 Nd7 8.h4 h5 9.gxh5 Bf5 10.Be3 c5 11.Nb5 Nc6 12.Bd3 Bxd3 13.Qxd3 Nb4 14.Qe2 a6 15.Nd6+ Bxd6 16.exd6 Qf6 17.O-O-O cxd4 18.Rxd4 Nc6 19.Rxd5 exd5 20.Nxd5 Qxd6 21.Rd1 O-O 22.Nb6 Qe6 23.Rxd7 Rad8 24.Qd2 Qxa2 25.c3 Na5 26.Kc2 Nc4 27.Qd4 Qxb2+ 28.Kd1 Qxb6

[Event "Final Campeonato de Chile 2009-2010"]
[Site "Club de Ajedrez "]
[Date "2010-02-28"]
[Round "13"]
[White "Mesias Rojas, Rabindranath"]
[Black "Calvo Salas, Pablo"]
[Result "1/2-1/2"]
[WhiteElo "2168"]
[BlackElo "2305"]

 1.d4 d5 2.c4 e6 3.Nc3 c5 4.cxd5 exd5 5.Nf3 Nc6 6.g3 Nf6 7.Bg2 Be7 8.O-O Be6 9.e3 O-O 10.b3 b6 11.Bb2 Rc8 12.Rc1 h6 13.Ne5 Re8 14.h3 Nxe5 15.dxe5 Ne4 16.Kh2 Nxc3 17.Bxc3 Qd7 18.f4 Red8 19.Bb2 Bf5 20.Rf2 Qc6 21.Rd2 Be4 22.Bxe4 dxe4 23.Rcc2 b5 24.Rxd8+ Rxd8 25.Rd2 Rxd2+ 26.Qxd2 c4 27.f5 b4 28.bxc4 Qxc4 29.Bd4 a5 30.f6 gxf6 31.exf6 Bc5 32.Bxc5 Qxc5 33.h4 Kh7 34.Qd7 Qc4 35.Qf5+ Kg8 36.Qxa5 Qe2+ 37.Kh3 Qf1+ 38.Kh2 Qf2+ 39.Kh3 Qf1+ 40.Kh2 Qf2+ 41.Kh3 Qf1+

[Event "Final Campeonato de Chile 2009-2010"]
[Site "Club de Ajedrez "]
[Date "2010-02-28"]
[Round "13"]
[White "Páez Medina, Guillermo Alejandro"]
[Black "López Silva, Hugo Andres"]
[Result "1-0"]
[WhiteElo "2086"]
[BlackElo "2412"]

 1.e4 e5 2.Nf3 Nc6 3.Bc4 Bc5 4.c3 Nf6 5.d4 exd4 6.cxd4 Bb4+ 7.Bd2 Bxd2+ 8.Nbxd2 d5 9.exd5 Nxd5 10.Qb3 Nce7 11.O-O O-O 12.Rfe1 h6 13.Ne4 c6 14.Ne5 Qb6 15.Rad1 Qxb3 16.Bxb3 Rd8 17.a3 Rb8 18.Nc4 Kf8 19.Ne3 Nc7 20.Nc3 Be6 21.Bxe6 fxe6 22.g4 Rd7 23.Nc2 Rbd8 24.Rd3 Kg8 25.Ne4 b6 26.Rg3 Nb5 27.Nc3 Nc7 28.h4 Rf8 29.h5 Kh7 30.Re5 Rf4 31.Ne2 Rf8 32.Nc3 g6 33.g5 Rf5 34.Ne4 Kg7 35.gxh6+ Kxh6 36.Ne3 Rf8 37.Ng4+ Kg7 38.h6+ Kh8 39.Ng5 Nf5 40.Rd3 c5 41.Re4 c4 42.Rh3 Rh7 43.Nxh7 Kxh7 44.Ne5 b5 45.Nf3 Nd6 46.Ng5+ Kh8 47.Re5 Nf7 48.Rf3